000 00513nam a2200181Ia 4500
008 240925s9999 xx 000 0 und d
020 _a471015849
082 _a004.65 ZIE
100 _aZiegler ,kurt Jr.
245 0 _aIntegrating Netware in to the Enterprise Network
250 _aNA
260 _aLondon:
_bJohn Wiley Sons
_c,1994.
300 _axvii,971p.
_bNA
_fOriginal
500 _aIncludes Index
600 _aComputer Science
650 _aComputer science, information & general works
942 _cBK
999 _c4174
_d4174